LEADER 01100nam--2200397---450- 001 990005411520203316 005 20140910125556.0 010 $a978-84-322-0939-0 035 $a000541152 035 $aUSA01000541152 035 $a(ALEPH)000541152USA01 035 $a000541152 100 $a20121027d2011----km-y0itay50------ba 101 0 $aspa 102 $aES 105 $ay|||||||001yy 200 1 $aTinta$fFernando Trķas de Bes 210 $aBarcelona$cSeix Barral$d2011 215 $a157 p.$d21 cm 225 2 $aBiblioteca breve 410 0$12001$aBiblioteca breve 453 0$1001000366151 676 $a863.7 700 1$aTRĶAS DE BES,$bFernando$0438045 801 0$aIT$bsalbc$gISBD 912 $a990005411520203316 951 $aVI.5.A. 400$b9683 L.G.$cVI.5.$d356944 959 $aBK 969 $aUMA 979 $c20121027$lUSA01$h1531 979 $c20121027$lUSA01$h1611 979 $aPATRY$b90$c20130226$lUSA01$h1603 979 $aANNAMARIA$b90$c20140910$lUSA01$h1201 979 $aANNAMARIA$b90$c20140910$lUSA01$h1255 996 $aTinta$91143143 997 $aUNISA LEADER 01257nam 2200337Ia 450 001 996392794903316 005 20221108062043.0 035 $a(CKB)1000000000686287 035 $a(EEBO)2240969911 035 $a(OCoLC)12798826 035 $a(EXLCZ)991000000000686287 100 $a19851115d1641 uy | 101 0 $aeng 135 $aurbn||||a|bb| 200 14$aThe coppy of a letter sent from France by Mr. Walter Mountagu to his father the Lord Privie Seale, with his answere thereunto$b[electronic resource] $ealso a second answere to the same letter by the Faukland 210 $a[London? $cs.n.]$d1641 215 $a[2], 36 p 300 $aReproduction of original in Thomason Collection, British Library. 330 $aeebo-0158 700 $aMontagu$b Walter$f1603?-1677.$01001837 701 $aFalkland$b Lucius Cary$cViscount,$f1610?-1643.$01001836 701 $aManchester$b Henry Montagu$cEarl of,$f1563?-1642.$01004769 801 0$bEAA 801 1$bEAA 801 2$bm/c 801 2$bUMI 801 2$bWaOLN 906 $aBOOK 912 $a996392794903316 996 $aThe coppy of a letter sent from France by Mr. Walter Mountagu to his father the Lord Privie Seale, with his answere thereunto$92308561 997 $aUNISA